000 00174nam a22000857a 4500
082 _aK890
245 _aVYAKTITV VIKAAS - HINDI - PART 3 - CHILDREN
300 _a80P
942 _cBK
999 _c7320
_d7320